| 000 | 00686nam a2200229Ia 4500 | ||
|---|---|---|---|
| 003 | OSt | ||
| 005 | 20250717191408.0 | ||
| 008 | 210423s2003 xx 000 0 und d | ||
| 020 | _a419146601 | ||
| 040 | _cAL | ||
| 041 | _aEnglish | ||
| 082 |
_a070.415 _bTURE |
||
| 100 |
_aChristopher Turk _988578 |
||
| 245 |
_aEffective writing _b: improving scientific technical and business communication |
||
| 260 |
_aLondon _bSpon Press _c2003 |
||
| 300 |
_ax,277p. _bPB _c21.5x14cm. |
||
| 365 |
_b295 _cINR |
||
| 650 |
_aEditing _988579 |
||
| 650 |
_aJournalism _988580 |
||
| 906 | _abusiness ; communication. ; Effective ; improving ; scientific ; technical ; writing | ||
| 942 |
_2ddc _cBK |
||
| 999 |
_c157491 _d157491 |
||